Las 100 ciudades más grandes de México en un mapa - Estadísticas

Estadísticas generales
  • Esta prueba ha sido intentada 60 veces
  • La puntuación promedio es 52 de 100
Respuestas en el mapa
Las respuestas están codificadas por una escala verde-roja en el mapa de la prueba según el % correcto abajo.
 
Estadísticas de respuestas
Población Ciudad % Correcto
8.843.706 Ciudad de México
100%
1.385.621 Guadalajara
100%
1.810.645 Tijuana
100%
888.797 Cancún
98%
925.762 Chihuahua
95%
1.501.551 Ciudad Juárez
93%
921.771 Mérida
93%
658.609 Acapulco
90%
854.186 Mexicali
90%
1.142.952 Monterrey
90%
1.542.232 Puebla
90%
863.893 Aguascalientes
88%
855.563 Hermosillo
85%
845.941 San Luis Potosí
85%
537.963 Veracruz
85%
616.068 Durango
83%
1.579.803 León
83%
258.913 Oaxaca de Juárez
83%
794.789 Querétaro
83%
808.416 Culiacán
78%
441.975 Mazatlán
78%
743.275 Morelia
78%
224.166 Puerto Vallarta
78%
690.193 Torreón
78%
578.830 Tuxtla Gutiérrez
78%
1.643.623 Ecatepec de Morelos
75%
223.876 Toluca
75%
146.965 Colima
73%
341.029 Cuernavaca
73%
250.141 La Paz
73%
416.055 Nuevo Laredo
70%
864.431 Saltillo
70%
249.623 Campeche
68%
332.100 Ciudad Victoria
68%
510.739 Matamoros
68%
330.652 Ensenada
65%
691.557 Reynosa
65%
1.257.547 Zapopan
65%
202.694 Cabo San Lucas
63%
169.028 Chetumal
63%
371.387 Tepic
63%
443.063 Xalapa-Enríquez
63%
298.009 Los Mochis
60%
1.072.676 Nezahualcóyotl
60%
261.137 Nogales
60%
297.373 Tampico
60%
340.060 Villahermosa
60%
329.404 Ciudad Obregón
55%
297.848 Pachuca de Soto/Pachuca
55%
159.853 Manzanillo
53%
304.942 Playa del Carmen
53%
183.509 San Cristóbal de las Casas
53%
191.238 Ciudad del Carmen
48%
301.742 Gómez Palacio
48%
225.728 Chilpancingo de los Bravo
45%
212.540 Coatzacoalcos
45%
452.090 Irapuato
45%
170.029 | 635.862 Guadalupe
43%
173.959 Piedras Negras
43%
412.199 San Nicolás de los Garza
43%
237.169 Monclova
40%
177.719 San Juan del Río
40%
217.550 Tapachula de Córdova y Ordóñez
40%
536.436 Ciudad Apodaca
38%
304.052 Ciudad Santa Catarina
38%
176.685 San Luis Río Colorado
38%
650.123 Tlaquepaque
38%
442.440 Tonalá
38%
378.143 Celaya
35%
205.933 Ciudad Madero
35%
911.168 Naucalpan de Juárez
35%
160.225 Ciudad Acuña
30%
157.336 Cuautla de Morelos
30%
180.057 Poza Rica de Hidalgo
30%
308.285 Ciudad Benito Juárez
28%
160.682 Salamanca
28%
293.825 Tehuacán
28%
174.704 Chalco de Díaz Covarrubias
25%
454.967 General Escobedo
25%
149.162 Minatitlán
25%
384.327 Xico
25%
154.546 Zamora de Hidalgo
25%
234.698 García
23%
658.907 Tlalnepantla
23%
703.215 Chimalhuacán
20%
515.353 Cuautitlán Izcalli
20%
523.065 Ciudad López Mateos
18%
323.545 Ciudad Nicolás Romero
15%
368.585 Ixtapaluca
15%
386.290 Ojo de Agua
13%
310.192 Soledad de Graciano Sánchez
13%
216.776 Buenavista
10%
161.820 Miramar
10%
293.245 San Francisco Coacalco
10%
193.532 Chicoloapan de Juárez
8%
174.629 Jiutepec
8%
157.998 San Pablo de las Salinas
8%
299.523 Uruapan del Progreso
8%
147.496 Villa de Álvarez
8%
No se encontraron pruebas coincidentes
Distribución de puntuación
Porcentaje de gente con cada puntuación
Porcentaje por número respondido
Historial de tus puntuaciones
No has intentado esta prueba.